Kouzelná Beruška a Černý Kocour ve filmu /

Hlavní autor: Eidner, Edina
Další autoři: Hrdá, Jitka, 1989-
Jazyk: Čeština
Vydáno: V Brně : CPress, 2024
Vydání: 1. vydání
Témata:
Fyzický popis: 183 stran : ilustrace ; 22 cm
Knihy
Uloženo v:
LEADER 01642nam a2200469 i 4500
001 nkc20243631478
003 CZ PrNK
005 20241018100409.0
007 ta
008 240913s2024 xr a b 000 j cze
015 |a cnb003631478 
020 |a 978-80-264-5342-0  |q (vázáno) :  |c Kč 299,00 
035 |a (OCoLC)1468021640 
040 |a ABG001  |b cze  |d OLA001  |d BOA001  |e rda 
041 1 |a cze  |h ger 
072 7 |a 821-93  |x Literatura pro děti a mládež (beletrie)  |2 Konspekt  |9 26 
080 |a 821-32  |2 MRF 
080 |a 821-93  |2 MRF 
080 |a (0:82-32)  |2 MRF 
100 1 |a Eidner, Edina  |4 aut 
240 1 0 |a Miraculous Ladybug and Cat Noir.  |l Česky 
245 1 0 |a Kouzelná Beruška a Černý Kocour ve filmu /  |c Edina Eidner ; z německého originálu Miraculous Lady Bug and Cat Noir ... přeložila Jitka Hrdá 
250 |a 1. vydání 
264 1 |a V Brně :  |b CPress,  |c 2024 
300 |a 183 stran :  |b ilustrace ;  |c 22 cm 
336 |a text  |b txt  |2 rdacontent 
337 |a bez média  |b n  |2 rdamedia 
338 |a svazek  |b nc  |2 rdacarrier 
500 |a Obálkový podnázev: filmový příběh 
521 8 |a Pro čtenáře od 8 let 
655 7 |a příběhy  |7 fd133204  |2 czenas 
655 7 |a publikace pro děti  |7 fd133156  |2 czenas 
655 9 |a stories  |2 eczenas 
655 9 |a children's literature  |2 eczenas 
700 1 |a Hrdá, Jitka,  |d 1989-  |7 xx0314362  |4 trl 
910 2 |a BOA001  |b 2-1533.083 
920 |a 5012095  |z ABG001 
928 9 |a Albatros Media - CPress 
990 |a BK 
995 |a 01 
991 |b 202410  |c NOV 
996 6 |b 2610982343  |c 2-1533.083  |l MZK  |r Sklad / do 1 hodiny  |n 0  |p p.v.  |w 001979973  |u 000010  |a 1  |e BOA001  |j MZK50  |s P